Normal view
MARC view
Entry Personal Name
001 - CONTROL NUMBER
- control field: 29561
003 - CONTROL NUMBER IDENTIFIER
- control field: dpl
005 - DATE AND TIME OF LATEST TRANSACTION
- control field: 20110714101901.0
008 - FIXED-LENGTH DATA ELEMENTS
- fixed length control field: 110714|||a|||||| | ||| d
040 ## - CATALOGING SOURCE
- Original cataloging agency: dpl
- Transcribing agency: dpl
100 ## - HEADING--PERSONAL NAME
- Personal name: Misra, B.K.
670 ## - SOURCE DATA FOUND
- Source citation: Work cat.: (dpl)51339: Misra, B.K., Indian Administrative Service :, 2009
670 ## - SOURCE DATA FOUND
- Source citation: Work cat.: (dpl)51339: Misra, B.K., Indian Administrative Service :, 2009
